000 02231nam a2200493 c 4500
001 1932367071
003 DE-627
005 20250930111519.0
007 cr uuu---uuuuu
008 250801s2023 xx |||||o 00| ||ger c
020 _a9783842085541
_cEPUB
024 7 _aurn:nbn:de:gbv:18-epflicht-22562
_2urn
035 _a(DE-627)1932367071
035 _a(DE-599)KEP117424870
035 _a(EPFHH)e1044aa7-3025-4377-b480-9f3337fe4d4c
035 _a(EPFHH-TOKYOPOP)1039530959_9783842085541
035 _a(DE-627-1)117424870
040 _aDE-627
_bger
_cDE-627
_erda
041 _ager
_hjpn
072 7 _a9182
_2wsb
082 0 4 _a741.5
_qDE-576
245 0 0 _aCall of the Night, Band 01
_cKotoyama
264 1 _aHamburg
_bTOKYOPOP Verlag
_c2023
300 _a1 Online-Ressource (192 S.)
336 _aText
_btxt
_2rdacontent
337 _aComputermedien
_bc
_2rdamedia
338 _aOnline-Ressource
_bcr
_2rdacarrier
490 0 _aCall of the Night
_v1
520 _aKou Yamori hat die Mittelschule satt. Ohne eine sinnvolle Beschäftigung treibt ihn die überschüssige Energie nachts heimlich durch die Straßen. Dabei stößt er auf die exzentrische Nazuna Nanakusa, die ihm Hilfe bei seiner Schlaflosigkeit anbietet – und ihm dann das Blut aussaugt! Zu seiner Enttäuschung verwandelt sich Kou selbst allerdings nicht in einen Vampir. Nazuna eröffnet ihm, dass das nur geschehen könne, wenn er sich in sie verlieben würde. Auch wenn Kou sich fragt, wie ihm das gelingen soll, ist er entschlossen, die Bedingung zu erfüllen, und wird fortan zu Nazunas Begleiter …
583 1 _aArchivierung/Langzeitarchivierung gewährleistet
_fPEHH
_kDE-576
_2pdager
_5DE-18
650 4 _aMystery
650 4 _aRomance
650 4 _aSlice of Life
650 4 _aSupernatural
650 4 _aVampire
700 0 _aKotoyama
_eVerfasserIn
_4aut
776 1 _z9783842079311
776 1 _z9783842079311
776 0 8 _iErscheint auch als
_nDruck-Ausgabe
_z9783842079311
776 0 8 _iErscheint auch als
_nDruck-Ausgabe
_z9783842079311
856 4 0 _uhttps://nbn-resolving.org/urn:nbn:de:gbv:18-epflicht-22562
_mX:EPF
_qapplication/epub+zip
_zlizenzpflichtig
942 _2ddc
_cMGA
_n0
951 _aBO
999 _c1357
_d1357